Empowerment through economic transformation / (Record no. 61343)
[ view plain ]
| 000 -LEADER | |
|---|---|
| fixed length control field | 00886nam a2200253Ia 4500 |
| 003 - CONTROL NUMBER IDENTIFIER | |
| control field | 3228 |
| 005 - DATE AND TIME OF LATEST TRANSACTION | |
| control field | 20250120100613.0 |
| 008 - FIXED-LENGTH DATA ELEMENTS--GENERAL INFORMATION | |
| fixed length control field | 210816s9999 xx 000 0 und d |
| 020 ## - INTERNATIONAL STANDARD BOOK NUMBER | |
| International Standard Book Number | 9780796 919724 |
| Qualifying information | Paperback |
| 040 ## - CATALOGING SOURCE | |
| Original cataloging agency | RDA |
| Language of cataloging | ENGLISH |
| Transcribing agency | 3228 |
| 082 ## - DEWEY DECIMAL CLASSIFICATION NUMBER | |
| Classification number | 330.968 EMPO |
| 100 ## - MAIN ENTRY--PERSONAL NAME | |
| Personal name | Khosa, Meshack M. |
| 9 (RLIN) | 6647 |
| 245 #0 - TITLE STATEMENT | |
| Title | Empowerment through economic transformation / |
| Statement of responsibility, etc. | editor. Meshack M. Khosa. |
| 260 ## - PUBLICATION, DISTRIBUTION, ETC. | |
| Place of publication, distribution, etc. | Durban : |
| Name of publisher, distributor, etc. | African Millennium, |
| Date of publication, distribution, etc. | 2001. |
| 300 ## - PHYSICAL DESCRIPTION | |
| Extent | xxvii, 461 pages |
| Other physical details | colour illustrations, maps |
| Dimensions | 21 cm |
| 500 ## - GENERAL NOTE | |
| General note | Published on behalf of the Human Sciences Research Council. |
| 504 ## - BIBLIOGRAPHY, ETC. NOTE | |
| Bibliography, etc. note | Includes bibliographical references and index. |
| 521 ## - TARGET AUDIENCE NOTE | |
| Target audience note | Adult |
| 651 ## - SUBJECT ADDED ENTRY--GEOGRAPHIC NAME | |
| Geographic name | South Africa |
| 654 ## - SUBJECT ADDED ENTRY--FACETED TOPICAL TERMS | |
| Source of heading or term | Economic history South Africa Since 1991 |
| 690 ## - LOCAL SUBJECT ADDED ENTRY--TOPICAL TERM (OCLC, RLIN) | |
| Source of heading or term | 48560288 |
| 700 ## - ADDED ENTRY--PERSONAL NAME | |
| Personal name | Berta Wheeler, Annemarie Booysen, Ultra Design |
| 9 (RLIN) | 191422 |
| 942 ## - ADDED ENTRY ELEMENTS | |
| item type | Books |
| Source of classification or shelving scheme | Dewey Decimal Classification |
| -- | 12663 |
| -- | Priscilla Nozizwe Mogale |
| Withdrawn status | Lost status | Damaged status | Not for loan | Home library | Current library | Date acquired | Cost, normal purchase price | Total Checkouts | Barcode | Date last seen | Price effective from | item type | Source of classification or shelving scheme | Collection code | Shelving location | Full call number |
|---|---|---|---|---|---|---|---|---|---|---|---|---|---|---|---|---|
| Hluvukani Public Library | Hluvukani Public Library | 17.08.2021 | 49.00 | 33228023044538 | 17.08.2021 | 17.08.2021 | Books | |||||||||
| Mkhuhlu | Mkhuhlu | 20.01.2025 | 225.00 | 33228 022897159 | 20.01.2025 | 20.01.2025 | Books | Dewey Decimal Classification | 300: Social Science | Non Fiction | 330.968 EMPO |